000 00480nam a2200169Ia 4500
008 240729s9999 xx 000 0 und d
022 _a2633-4674
245 0 _aJournal of Marine Sciences
260 _aUnited Kingdom
260 _bHindawi Limited
650 _a Biology (General)
650 _a Oceanography | Science
650 _aGeography. Anthropology. Recreation
856 _uhttps://doaj.org/toc/364853b1356444ef9bb969b18ad4157e
942 _2ddc
942 _cDOAJEJ
999 _c70231
_d70231
945 _a1
_bMadushi Gamage
_c1
_dMadushi Gamage